[Event "Bayern-chI Bank Hofmann 26th"]
[Site "Tegernsee"]
[Date "2023.11.03"]
[Round "7"]
[White "Garner, Isaac"]
[Black "Meins, Gerlef"]
[Result "1/2-1/2"]
[WhiteElo "2309"]
[BlackElo "2412"]
[PlyCount "73"]
[EventDate "2023.10.28"]
[EventType "swiss"]
[EventRounds "9"]
[EventCountry "GER"]
[SourceTitle "Mega2024 Update 01"]
[Source "Chessbase"]
[SourceDate "2023.11.12"]
[SourceVersion "1"]
[SourceVersionDate "2023.11.12"]
[SourceQuality "1"]

1. d4 Nf6 2. Nf3 e6 3. c4 Bb4+ 4. Nbd2 b6 5. a3 Bxd2+ 6. Qxd2 Bb7 7. e3 d6 8. Be2 Nbd7 9. 0-0 0-0 10. b4 c5 11. Bb2 Qe7 12. Rfd1 Rfd8 13. dxc5 dxc5 14. Qd6 Qxd6 15. Rxd6 Ne4 16. Rd3 Nf8 17. Ne5 f6 18. Rad1 Rxd3 19. Nxd3 cxb4 20. axb4 e5 21. f3 Ng5 22. f4 exf4 23. exf4 Ne4 24. Nf2 Re8 25. Ra1 Nd6 26. Bd3 Ne6 27. g3 a6 28. Rd1 Bf3 29. Re1 b5 30. c5 Nc4 31. Bc3 Nc7 32. Rxe8+ Nxe8 33. Ne4 Nc7 34. Kf2 Bh1 35. Kg1 Bf3 36. Kf2 Bh1 37. Kg1 1/2-1/2

[Event "Bayern-chI Bank Hofmann 26th"]
[Site "Tegernsee"]
[Date "2023.10.28"]
[Round "1"]
[White "Schoetzig, Detlef"]
[Black "Meins, Gerlef"]
[Result "0-1"]
[WhiteElo "2078"]
[BlackElo "2412"]
[PlyCount "118"]
[EventDate "2023.10.28"]
[EventType "swiss"]
[EventRounds "9"]
[EventCountry "GER"]
[SourceTitle "Mega2024 Update 01"]
[Source "Chessbase"]
[SourceDate "2023.11.12"]
[SourceVersion "1"]
[SourceVersionDate "2023.11.12"]
[SourceQuality "1"]

1. d4 Nf6 2. Nf3 e6 3. g3 b5 4. Bg2 Bb7 5. 0-0 c5 6. Bf4 cxd4 7. Qxd4 Nc6 8. Qd3 Nb4 9. Qd1 Rc8 10. c3 Nbd5 11. Bc1 Nb6 12. Nbd2 a6 13. Nb3 Na4 14. Qd4 Be7 15. Rd1 Qb6 16. Ne5 Bxg2 17. Kxg2 Qxd4 18. Rxd4 d6 19. Nf3 h6 20. Rb1 d5 21. Ne5 Ne4 22. f3 Bf6 23. f4 Bxe5 24. fxe5 Nb6 25. Nd2 Nxd2 26. Bxd2 Nc4 27. e4 dxe4 28. Be1 e3 29. Kf3 Ke7 30. b3 Nd2+ 31. Bxd2 exd2 32. Rxd2 Rxc3+ 33. Ke4 Rhc8 34. Rbd1 R8c7 35. Rd6 Rc2 36. R1d2 Rxd2 37. Rxd2 f5+ 38. exf6+ gxf6 39. Rf2 h5 40. Kd4 f5 41. a4 bxa4 42. bxa4 Kd6 43. Rb2 e5+ 44. Kd3 Kd5 45. Rb8 e4+ 46. Kd2 h4 47. Rf8 Ke5 48. Re8+ Kd4 49. Rd8+ Kc4 50. gxh4 Rh7 51. Rf8 Rh5 52. Ra8 Rxh4 53. Rxa6 Kd4 54. Rd6+ Ke5 55. Rd8 Rxh2+ 56. Kd1 Ra2 57. Ra8 Kf4 58. a5 e3 59. a6 Kf3 0-1

[Event "Dortmund Sparkassen op 50th"]
[Site "Dortmund"]
[Date "2023.06.28"]
[Round "5"]
[White "Laurent Paoli, Pierre"]
[Black "Meins, Gerlef"]
[Result "1/2-1/2"]
[WhiteElo "2552"]
[BlackElo "2413"]
[PlyCount "145"]
[EventDate "2023.06.24"]
[EventType "swiss"]
[EventRounds "9"]
[EventCountry "GER"]
[SourceTitle "CBM 215 Extra"]
[Source "ChessBase"]
[SourceDate "2023.09.30"]
[SourceVersion "1"]
[SourceVersionDate "2023.09.30"]
[SourceQuality "1"]

1. d4 Nf6 2. c4 e6 3. Nf3 b6 4. g3 Bb7 5. Bg2 Be7 6. 0-0 0-0 7. h4 d5 8. cxd5 Bxd5 9. Nc3 Bb7 10. Qc2 c5 11. Rd1 cxd4 12. Nxd4 Bxg2 13. Kxg2 Qc8 14. e4 Qb7 15. f3 Nc6 16. Nxc6 Qxc6 17. Be3 Rfd8 18. Rac1 b5 19. Rxd8+ Bxd8 20. Ne2 Qxc2 21. Rxc2 Kf8 22. Nd4 a6 23. g4 h5 24. g5 Nd7 25. f4 e5 26. Ne2 Bb6 27. Bxb6 Nxb6 28. Rc6 Nc4 29. b3 Nd2 30. fxe5 Re8 31. Ng3 Rxe5 32. Rc2 Nb1 33. Rc1 Na3 34. Rc8+ Re8 35. Rc6 g6 36. Rxa6 Nc2 37. a4 bxa4 38. bxa4 Rc8 39. a5 Nd4 40. Kf2 Rc3 41. Rb6 Rf3+ 42. Kg2 Ra3 43. a6 Ra2+ 44. Kf1 Ne6 45. e5 Nc5 46. Rc6 Nxa6 47. Ne4 Nb4 48. Rc7 Nd3 49. Nf6 Ra1+ 50. Kg2 Nxe5 51. Nd7+ Nxd7 52. Rxd7 Ra3 53. Rb7 Rd3 54. Ra7 Ke8 55. Rb7 Rd7 56. Rb3 Ke7 57. Kg3 Rd5 58. Re3+ Kd6 59. Rf3 Ke6 60. Rf6+ Ke7 61. Rf3 Rf5 62. Ra3 Rd5 63. Rf3 Rd6 64. Re3+ Re6 65. Rf3 f5 66. gxf6+ Rxf6 67. Rxf6 Kxf6 68. Kf4 g5+ 69. hxg5+ Kg6 70. Kg3 Kxg5 71. Kh3 h4 72. Kh2 h3 73. Kxh3 1/2-1/2

[Event "Dortmund Sparkassen op 50th"]
[Site "Dortmund"]
[Date "2023.06.25"]
[Round "2"]
[White "Meins, Gerlef"]
[Black "Adams, Michael"]
[Result "0-1"]
[WhiteElo "2413"]
[BlackElo "2666"]
[PlyCount "68"]
[EventDate "2023.06.24"]
[EventType "swiss"]
[EventRounds "9"]
[EventCountry "GER"]
[SourceTitle "CBM 215 Extra"]
[Source "ChessBase"]
[SourceDate "2023.09.30"]
[SourceVersion "1"]
[SourceVersionDate "2023.09.30"]
[SourceQuality "1"]

1. d4 Nf6 2. c4 e6 3. g3 d5 4. Bg2 dxc4 5. Nf3 c6 6. a4 Bb4+ 7. Bd2 a5 8. Qc2 0-0 9. Qxc4 Bxd2+ 10. Nbxd2 b6 11. Qb3 Ba6 12. Nc4 Nbd7 13. 0-0 c5 14. Rfd1 Qc7 15. Rac1 Rac8 16. Qa3 Rfd8 17. b3 Qb8 18. dxc5 Rxc5 19. Nd4 Bxc4 20. Rxc4 Rxc4 21. bxc4 Nc5 22. Qa1 Rd6 23. Nb5 Rxd1+ 24. Qxd1 h6 25. Bc6 Kf8 26. Qd6+ Qxd6 27. Nxd6 Ke7 28. Nc8+ Kd8 29. Na7 Kc7 30. Bb5 Nfe4 31. Kf1 Nd6 32. Ke1 Nxb5 33. axb5 Nb7 34. Kd2 Nd8 0-1

[Event "BL2-Nord 2223"]
[Site "Germany"]
[Date "2023.03.19"]
[Round "10.4"]
[White "Van Delft, Merijn"]
[Black "Meins, Gerlef"]
[Result "1/2-1/2"]
[WhiteElo "2363"]
[BlackElo "2414"]
[PlyCount "39"]
[EventDate "2022.10.22"]
[EventType "team-tourn"]
[EventRounds "10"]
[EventCountry "GER"]
[SourceTitle "EXT 2024"]
[Source "ChessBase"]
[SourceDate "2023.10.10"]
[SourceVersion "1"]
[SourceVersionDate "2023.10.10"]
[SourceQuality "1"]
[WhiteTeam "Hamburger SK II"]
[BlackTeam "Werder Bremen II"]
[WhiteTeamCountry "GER"]
[BlackTeamCountry "GER"]

1. e4 c5 2. Nf3 Nc6 3. d4 cxd4 4. Nxd4 Nf6 5. Nc3 d6 6. Bg5 e6 7. Qd2 a6 8. 0-0-0 Bd7 9. Kb1 Nxd4 10. Qxd4 h6 11. Bc1 Bc6 12. f4 d5 13. exd5 Nxd5 14. Bc4 Nxc3+ 15. Qxc3 Qf6 16. Qh3 Be7 17. Rhe1 0-0 18. g4 Qh4 19. Qe3 Rad8 20. h3 1/2-1/2

[Event "BL2-Nord 2223"]
[Site "Germany"]
[Date "2023.02.05"]
[Round "6.2"]
[White "Leniart, Arkadiusz"]
[Black "Meins, Gerlef"]
[Result "1-0"]
[WhiteElo "2495"]
[BlackElo "2414"]
[PlyCount "87"]
[EventDate "2022.10.22"]
[EventType "team-tourn"]
[EventRounds "10"]
[EventCountry "GER"]
[SourceTitle "EXT 2024"]
[Source "ChessBase"]
[SourceDate "2023.10.10"]
[SourceVersion "1"]
[SourceVersionDate "2023.10.10"]
[SourceQuality "1"]
[WhiteTeam "Ruedersdorf Glueckauf"]
[BlackTeam "Werder Bremen II"]
[WhiteTeamCountry "GER"]
[BlackTeamCountry "GER"]

1. e4 c5 2. c3 d5 3. exd5 Qxd5 4. d4 Nf6 5. Nf3 Bg4 6. dxc5 Qxc5 7. Be3 Qc7 8. h3 Bf5 9. Nd4 Bd7 10. Nb5 Bxb5 11. Bxb5+ Nbd7 12. 0-0 e6 13. Qa4 a6 14. Bf4 Bd6 15. Bxd6 Qxd6 16. Rd1 Qc7 17. Na3 Rd8 18. Be2 0-0 19. Qc4 Qb8 20. Qb4 Nd5 21. Qb3 Ne5 22. g3 Qc7 23. c4 Ne7 24. Qc3 Nf5 25. Nc2 Rc8 26. Nd4 Nxd4 27. Rxd4 Nc6 28. Rd2 Rfd8 29. Rad1 Rxd2 30. Rxd2 Rd8 31. Bf3 g6 32. Rxd8+ Qxd8 33. Bxc6 bxc6 34. Kg2 Qd6 35. b4 c5 36. b5 axb5 37. cxb5 Kf8 38. a4 Ke7 39. a5 Kd7 40. Qf6 Qd5+ 41. Kh2 e5 42. a6 c4 43. a7 c3 44. Qc6+ 1-0

[Event "Bayern-chI Bank Hofmann 25th"]
[Site "Tegernsee"]
[Date "2022.11.08"]
[Round "4"]
[White "Meins, Gerlef"]
[Black "Stocek, Jiri"]
[Result "0-1"]
[WhiteElo "2414"]
[BlackElo "2555"]
[PlyCount "86"]
[EventDate "2022.11.05"]
[EventType "swiss"]
[EventRounds "9"]
[EventCountry "GER"]
[SourceTitle "CBM 211 Extra"]
[Source "ChessBase"]
[SourceDate "2023.01.31"]
[SourceVersion "1"]
[SourceVersionDate "2023.01.31"]
[SourceQuality "1"]

1. Nf3 Nf6 2. c4 e6 3. g3 a6 4. Bg2 b5 5. b3 c5 6. 0-0 Bb7 7. e3 d5 8. d4 dxc4 9. bxc4 Nbd7 10. cxb5 axb5 11. dxc5 Bxc5 12. Bb2 0-0 13. Nbd2 b4 14. Nb3 Be7 15. Ne5 Bxg2 16. Kxg2 Nxe5 17. Qxd8 Rfxd8 18. Bxe5 Nd7 19. Bb2 Rdc8 20. Rfc1 Rxc1 21. Nxc1 f6 22. Kf3 Kf7 23. Ke2 e5 24. Nb3 Nb6 25. Bc1 f5 26. Bd2 Nd5 27. Nc1 e4 28. Rb1 Bf6 29. Rb3 Ra4 30. Kd1 g5 31. Kc2 h5 32. Kb1 h4 33. Ne2 hxg3 34. hxg3 Be5 35. Bc1 Kg6 36. a3 Kh5 37. axb4 Rxb4 38. Kc2 Kg4 39. Bb2 Rxb3 40. Kxb3 Bxb2 41. Kxb2 Kf3 42. Nd4+ Kxf2 43. Nxf5 g4 0-1

[Event "Dortmund Sparkassen op 49th"]
[Site "Dortmund"]
[Date "2022.07.23"]
[Round "8"]
[White "Petrovskiy, Vadim"]
[Black "Meins, Gerlef"]
[Result "1/2-1/2"]
[WhiteElo "2333"]
[BlackElo "2415"]
[PlyCount "72"]
[EventDate "2022.07.16"]
[EventType "swiss"]
[EventRounds "9"]
[EventCountry "GER"]
[SourceTitle "CBM 209 Extra"]
[Source "ChessBase"]
[SourceDate "2022.09.30"]
[SourceVersion "1"]
[SourceVersionDate "2022.09.30"]
[SourceQuality "1"]

1. e4 c5 2. Nf3 Nc6 3. Bb5 g6 4. Bxc6 dxc6 5. d3 Bg7 6. h3 b6 7. Nc3 e5 8. Be3 Ne7 9. 0-0 h6 10. Ne2 0-0 11. Qd2 Kh7 12. Nh2 g5 13. a4 a5 14. Ng3 Ng6 15. Rae1 Nf4 16. Nf3 Qf6 17. Bxf4 gxf4 18. Nf5 Bxf5 19. exf5 Qxf5 20. Qe2 Rae8 21. Nd2 Re6 22. Nc4 Rb8 23. Qf3 Qg6 24. Re2 b5 25. Nxa5 c4 26. axb5 cxd3 27. cxd3 Rxb5 28. Nc4 Rd5 29. Rd1 Re8 30. d4 e4 31. Qxf4 Bxd4 32. Kh1 Rf5 33. Qd2 c5 34. Ne3 Rg5 35. b4 Bxe3 36. fxe3 cxb4 1/2-1/2

[Event "BL2-Nord 2122"]
[Site "Germany"]
[Date "2022.06.19"]
[Round "8.2"]
[White "Meins, Gerlef"]
[Black "Morgunov, Marc"]
[Result "0-1"]
[WhiteElo "2417"]
[BlackElo "2362"]
[PlyCount "60"]
[EventDate "2022.03.05"]
[EventType "team-tourn"]
[EventRounds "10"]
[EventCountry "GER"]
[SourceTitle "EXT 2023"]
[Source "ChessBase"]
[SourceDate "2022.10.05"]
[SourceVersion "1"]
[SourceVersionDate "2022.10.05"]
[SourceQuality "1"]
[WhiteTeam "Werder Bremen II"]
[BlackTeam "Berlin SF II"]
[WhiteTeamCountry "GER"]
[BlackTeamCountry "GER"]

1. d4 Nf6 2. c4 g6 3. Nc3 Bg7 4. e4 d6 5. Be2 0-0 6. Nf3 e5 7. 0-0 Nc6 8. d5 Ne7 9. Ne1 Nd7 10. Be3 f5 11. f3 f4 12. Bf2 g5 13. Nd3 Nf6 14. c5 Ng6 15. Rc1 Rf7 16. b4 h5 17. a4 g4 18. a5 Bh6 19. b5 g3 20. hxg3 fxg3 21. Bxg3 h4 22. Bf2 Nh5 23. Re1 Ngf4 24. Nxf4 Nxf4 25. Bf1 Qg5 26. Kh1 Nh5 27. Rc2 Ng3+ 28. Kg1 h3 29. Be3 h2+ 30. Kxh2 Nxf1+ 0-1

[Event "GER-CupT 2122 Round2 (2)"]
[Site "Neuwied"]
[Date "2022.05.21"]
[Round "1.1"]
[White "Keymer, Vincent"]
[Black "Meins, Gerlef"]
[Result "0-1"]
[WhiteElo "2667"]
[BlackElo "2417"]
[PlyCount "136"]
[EventDate "2022.05.21"]
[EventType "team-k.o."]
[EventRounds "2"]
[EventCountry "GER"]
[SourceTitle "EXT 2023"]
[Source "ChessBase"]
[SourceDate "2022.10.05"]
[SourceVersion "1"]
[SourceVersionDate "2022.10.05"]
[SourceQuality "1"]
[WhiteTeam "Deizisau"]
[BlackTeam "Werder Bremen"]
[WhiteTeamCountry "GER"]
[BlackTeamCountry "GER"]

1. Nf3 c5 2. c4 Nf6 3. Nc3 Nc6 4. d4 cxd4 5. Nxd4 g6 6. e4 Bg7 7. Be3 d6 8. Be2 0-0 9. 0-0 Bd7 10. Qd2 Nxd4 11. Bxd4 Bc6 12. f3 a5 13. b3 Nd7 14. Bf2 Nc5 15. Rab1 Be5 16. Bd3 Nxd3 17. Qxd3 f5 18. exf5 Rxf5 19. Ne2 Qc7 20. Bd4 Raf8 21. Rbd1 b5 22. Rc1 Qb7 23. Bxe5 Rxe5 24. Nd4 bxc4 25. Qxc4+ Bd5 26. Qc7 Qxc7 27. Rxc7 a4 28. Rfc1 axb3 29. axb3 g5 30. h3 h5 31. b4 g4 32. hxg4 hxg4 33. fxg4 Rf4 34. Nf5 Kf8 35. g3 Rxb4 36. Rf1 Ke8 37. Ng7+ Kd8 38. Rfc1 Rb7 39. R7c2 Rg5 40. Nf5 Rxg4 41. Rc3 Kd7 42. Kf2 Be6 43. Ne3 Rb2+ 44. R1c2 Rxc2+ 45. Rxc2 Re4 46. Ng2 Bg4 47. Kg1 e5 48. Kf2 d5 49. Ne3 Be6 50. Nf1 Ra4 51. Nd2 Kd6 52. Rb2 Bg4 53. Rb6+ Kc5 54. Rb2 Ra3 55. Rc2+ Kd4 56. Nf1 Bh3 57. Rd2+ Rd3 58. Rxd3+ Kxd3 59. Nh2 e4 60. g4 e3+ 61. Kg3 e2 62. Nf3 Ke3 63. g5 Bf5 64. Ne1 Be4 65. g6 Bxg6 66. Ng2+ Kd2 67. Kf2 d4 68. Ne1 Be4 0-1

[Event "BL2-Nord 2122"]
[Site "Germany"]
[Date "2022.05.15"]
[Round "6.2"]
[White "Krause, Benedict"]
[Black "Meins, Gerlef"]
[Result "1-0"]
[WhiteElo "2420"]
[BlackElo "2417"]
[PlyCount "87"]
[EventDate "2022.03.05"]
[EventType "team-tourn"]
[EventRounds "10"]
[EventCountry "GER"]
[SourceTitle "EXT 2023"]
[Source "ChessBase"]
[SourceDate "2022.10.05"]
[SourceVersion "1"]
[SourceVersionDate "2022.10.05"]
[SourceQuality "1"]
[WhiteTeam "St Pauli"]
[BlackTeam "Werder Bremen II"]
[WhiteTeamCountry "GER"]
[BlackTeamCountry "GER"]

1. e4 c5 2. Nf3 Nc6 3. d4 cxd4 4. Nxd4 e5 5. Nb5 d6 6. N1c3 a6 7. Na3 Be7 8. Be3 Nf6 9. Nc4 b5 10. Nb6 Rb8 11. Nxc8 Qxc8 12. Be2 0-0 13. 0-0 Rd8 14. a4 d5 15. Nxd5 Nxd5 16. exd5 Nb4 17. axb5 axb5 18. Ba7 Rb7 19. c3 Nxd5 20. Qb3 Qe6 21. Rfd1 Nf4 22. Rxd8+ Bxd8 23. Qxe6 Nxe2+ 24. Kf1 fxe6 25. Kxe2 Kf7 26. Bc5 Bb6 27. Bxb6 Rxb6 28. Ra7+ Kf6 29. Rc7 Rd6 30. Ke3 h5 31. h4 g6 32. b4 Rd5 33. f3 Rd1 34. Rc5 Rg1 35. Rxb5 Rxg2 36. Rb8 g5 37. hxg5+ Rxg5 38. b5 Ke7 39. c4 Kd6 40. Rc8 Kd7 41. Rh8 Kd6 42. Rh7 Kc5 43. Rc7+ Kb4 44. b6 1-0

[Event "Bayern-chI Bank Hofmann 24th"]
[Site "Tegernsee"]
[Date "2021.11.06"]
[Round "8"]
[White "Meins, Gerlef"]
[Black "Hoffmann, Sebastian"]
[Result "1-0"]
[WhiteElo "2424"]
[BlackElo "2177"]
[PlyCount "67"]
[EventDate "2021.10.30"]
[EventType "swiss"]
[EventRounds "9"]
[EventCountry "GER"]
[SourceTitle "CBM 205 Extra"]
[Source "ChessBase"]
[SourceDate "2022.01.31"]
[SourceVersion "1"]
[SourceVersionDate "2022.01.31"]
[SourceQuality "1"]

1. Nf3 d5 2. c4 c6 3. e3 Bg4 4. Qb3 Qc7 5. cxd5 Bxf3 6. gxf3 cxd5 7. Nc3 e6 8. d4 Nc6 9. Bd2 Nf6 10. Rc1 Rc8 11. Bb5 Nd7 12. f4 g6 13. Na4 Be7 14. 0-0 Qb8 15. Rc2 a6 16. Bxc6 Rxc6 17. Rfc1 Qc7 18. Rxc6 bxc6 19. Bb4 f6 20. Bxe7 Kxe7 21. Qa3+ Kf7 22. Nc5 Nxc5 23. Rxc5 Qb6 24. Rc3 Rb8 25. Qd6 Qxb2 26. Qd7+ Kf8 27. Rxc6 g5 28. Qxe6 Qb1+ 29. Kg2 gxf4 30. Qxf6+ Kg8 31. Qxf4 Rb7 32. Rc8+ Kg7 33. Qf8+ Kg6 34. Rc6+ 1-0

[Event "BL2-Nord 1920"]
[Site "Germany"]
[Date "2021.08.08"]
[Round "10.4"]
[White "Meins, Gerlef"]
[Black "Andre, Gordon"]
[Result "1/2-1/2"]
[WhiteElo "2415"]
[BlackElo "2376"]
[PlyCount "52"]
[EventDate "2019.10.19"]
[EventType "team-tourn"]
[EventRounds "9"]
[EventCountry "GER"]
[SourceTitle "EXT 2023"]
[Source "ChessBase"]
[SourceDate "2022.10.05"]
[SourceVersion "1"]
[SourceVersionDate "2022.10.05"]
[SourceQuality "1"]
[WhiteTeam "Werder Bremen II"]
[BlackTeam "Magdeburg"]
[WhiteTeamCountry "GER"]
[BlackTeamCountry "GER"]

1. Nf3 d5 2. c4 e6 3. g3 Nf6 4. Bg2 Be7 5. 0-0 0-0 6. d4 dxc4 7. Qc2 a6 8. a4 Bd7 9. Qxc4 Bc6 10. Bg5 h6 11. Bxf6 Bxf6 12. Nc3 Bxf3 13. Bxf3 c6 14. e3 a5 15. b4 axb4 16. Qxb4 Ra7 17. Rfb1 Nd7 18. a5 Be7 19. Qc4 Qc8 20. a6 bxa6 21. Na4 c5 22. Nxc5 Bxc5 23. Rc1 Rc7 24. dxc5 Ne5 25. Qe2 Rxc5 26. Rxc5 Nxf3+ 1/2-1/2

[Event "BL2-Nord 1920"]
[Site "Germany"]
[Date "2019.12.08"]
[Round "6.3"]
[White "Meins, Gerlef"]
[Black "Boe, Mads"]
[Result "1/2-1/2"]
[WhiteElo "2415"]
[BlackElo "2286"]
[PlyCount "80"]
[EventDate "2019.10.19"]
[EventType "team-tourn"]
[EventRounds "9"]
[EventCountry "GER"]
[SourceTitle "CBM 194 Extra"]
[Source "ChessBase"]
[SourceDate "2020.03.31"]
[SourceVersion "1"]
[SourceVersionDate "2020.03.31"]
[SourceQuality "1"]
[WhiteTeam "Werder Bremen II"]
[BlackTeam "Kiel Turm II"]
[WhiteTeamCountry "GER"]
[BlackTeamCountry "GER"]

1. Nf3 e6 2. d4 f5 3. Bg5 Be7 4. Bxe7 Qxe7 5. Nbd2 Nf6 6. e3 b6 7. Bd3 Bb7 8. c3 Nc6 9. Qc2 Nd8 10. e4 fxe4 11. Nxe4 Nf7 12. 0-0 Nd6 13. Nfd2 Nfxe4 14. Nxe4 Nxe4 15. Bxe4 Bxe4 16. Qxe4 0-0 17. Rae1 Qd6 18. f4 a5 19. Qe5 Qc6 20. f5 exf5 21. Rxf5 Rxf5 22. Qxf5 Rf8 23. Qe5 Qf6 24. Qxf6 Rxf6 25. Re7 Rf7 26. Re8+ Rf8 27. Rxf8+ Kxf8 28. Kf2 Ke7 29. Kf3 Ke6 30. Ke4 d5+ 31. Kf4 Kf6 32. h4 g6 33. a4 h6 34. b4 c6 35. Kg4 Ke6 36. h5 g5 37. Kf3 Kf5 38. g4+ Ke6 39. Ke3 axb4 40. cxb4 b5 1/2-1/2

[Event "Bayern-chI Bank Hofmann 23rd"]
[Site "Tegernsee"]
[Date "2019.10.31"]
[Round "6"]
[White "Meins, Gerlef"]
[Black "Asadli, Vugar Afgan Oglu"]
[Result "1/2-1/2"]
[WhiteElo "2415"]
[BlackElo "2513"]
[PlyCount "137"]
[EventDate "2019.10.26"]
[EventType "swiss"]
[EventRounds "9"]
[EventCountry "GER"]
[SourceTitle "CBM 192 Extra"]
[Source "Chessbase"]
[SourceDate "2019.11.06"]
[SourceVersion "1"]
[SourceVersionDate "2019.11.06"]
[SourceQuality "1"]

1. Nf3 g6 2. d4 Bg7 3. c4 d6 4. Nc3 Bg4 5. e3 Nf6 6. Be2 0-0 7. 0-0 Nc6 8. h3 Bd7 9. b3 e5 10. dxe5 dxe5 11. Ba3 Re8 12. Qc2 Qc8 13. Rad1 a5 14. Nd2 Bf5 15. Bd3 Bxd3 16. Qxd3 Nb4 17. Qb1 Qe6 18. Nde4 Nxe4 19. Qxe4 c6 20. Bxb4 axb4 21. Na4 f5 22. Qd3 e4 23. Qe2 Bf8 24. c5 Rad8 25. Rd2 Kf7 26. Rfd1 Be7 27. Rd4 Rxd4 28. Rxd4 Rd8 29. Rxd8 Bxd8 30. Qd2 Be7 31. Qxb4 b5 32. Nc3 Qe5 33. Qd4 Qxc5 34. Qxc5 Bxc5 35. Kf1 Ke6 36. Ke2 Bb4 37. Kd2 Kd6 38. Kc2 Kc5 39. Kb2 Ba5 40. Kc2 Bc7 41. a3 Be5 42. f3 exf3 43. gxf3 Kb6 44. Ne2 Ka5 45. Nc1 Bd6 46. Kb2 c5 47. Kc3 Be5+ 48. Kc2 g5 49. Nd3 Bd6 50. Kc3 h5 51. e4 fxe4 52. fxe4 Kb6 53. a4 g4 54. hxg4 hxg4 55. axb5 g3 56. Ne1 Kxb5 57. Ng2 Bc7 58. Ne3 Bf4 59. Ng2 Be5+ 60. Kd3 Bf6 61. Ne3 Kc6 62. Ke2 Kb5 63. Kd3 Be5 64. Ng2 Kb4 65. Kc2 Bf6 66. Ne3 Bg5 67. Ng2 Kb5 68. Kd3 Bf6 69. Ne3 1/2-1/2

[Event "Oberliga Nord W 1819"]
[Site "Germany"]
[Date "2019.04.07"]
[Round "9.2"]
[White "Ewert, Hannes"]
[Black "Meins, Gerlef"]
[Result "0-1"]
[WhiteElo "2314"]
[BlackElo "2408"]
[PlyCount "122"]
[EventDate "2018.10.21"]
[EventType "team-tourn"]
[EventRounds "9"]
[EventCountry "GER"]
[SourceTitle "EXT 2020"]
[Source "ChessBase"]
[SourceDate "2019.10.17"]
[SourceVersion "1"]
[SourceVersionDate "2019.10.17"]
[SourceQuality "1"]
[WhiteTeam "Hellern"]
[BlackTeam "Werder Bremen II"]
[WhiteTeamCountry "GER"]
[BlackTeamCountry "GER"]

1. Nf3 c5 2. g3 Nc6 3. d4 cxd4 4. Nxd4 g6 5. Bg2 Bg7 6. Nxc6 bxc6 7. c4 Nf6 8. Nc3 0-0 9. 0-0 Rb8 10. Rb1 c5 11. b3 d6 12. Bb2 Be6 13. h3 Ne8 14. Qd2 Nc7 15. Rbd1 Qc8 16. Kh2 a5 17. e4 Bd7 18. f4 a4 19. Nd5 Nxd5 20. Bxg7 Kxg7 21. exd5 axb3 22. Qc3+ Kg8 23. axb3 Qb7 24. Rf3 Qb4 25. Qe3 Rfe8 26. g4 e6 27. dxe6 Rxe6 28. Qd2 Bc6 29. Rd3 Bxg2 30. Qxg2 Rbe8 31. R1d2 Re3 32. Qf2 R3e4 33. f5 g5 34. Qf3 Re3 35. Qf2 Re1 36. f6 h6 37. h4 Qb7 38. Qf3 Qxf3 39. Rxf3 gxh4 40. Rfd3 R8e3 41. Rxd6 Rxb3 42. Rc6 Ree3 43. Rf2 Rh3+ 44. Kg2 Rbg3+ 45. Kf1 Rh1+ 46. Ke2 Rc1 47. Rxc5 Kh7 48. Rc8 h3 49. Rf8 Rc2+ 50. Kf1 Rxf2+ 51. Kxf2 h2 52. Rxf7+ Kg6 53. Kxg3 h1Q 54. Re7 Qg1+ 55. Kf3 Qf1+ 56. Kg3 Qd3+ 57. Kf4 Qd4+ 58. Kg3 Qd6+ 59. Kg2 Qf4 60. Kh3 Qf3+ 61. Kh2 Kxf6 0-1